Online Public Access Catalogue

The Definitive Guide to the OSCE (Record no. 8718)

MARC details
000 -LEADER
fixed length control field 00276nam a2200121Ia 4500
082 ## - DEWEY DECIMAL CLASSIFICATION NUMBER
Author Mark HAR
100 ## - MAIN ENTRY--PERSONAL NAME
Author Name Harned
245 #4 - TITLE STATEMENT
Title The Definitive Guide to the OSCE
Statement of responsibility, etc. Harned
260 ## - PUBLICATION, DISTRIBUTION, ETC.
Name of publisher, distributor, etc. Elsevier
Date of publication, distribution, etc. 2016
300 ## - PHYSICAL DESCRIPTION
No of Pages 363
942 ## - ADDED ENTRY ELEMENTS (KOHA)
Koha item type Books
952 ## - LOCATION AND ITEM INFORMATION (KOHA)
-- 2018-03-16
Holdings
Withdrawn status Lost status Damaged status Not for loan Home library Current library Shelving location Date acquired Total Checkouts Barcode Checked out Date last seen Date last checked out Koha item type
        Islamabad Medical and Dental College Islamabad Medical and Dental College Islamabad Medical and Dental College 16/03/2018 1 10502 24/04/2018 10/04/2018 10/04/2018 Books

Copyright @ IMDC Library
Islamabad Medical and Dental College
Bhara Kahu, Islamabad

  Contact the Librarian, IMDC
  Email:: library@imdcollege.edu.pk

  OPAC Customized by
  Mazhar Hussain,
  Librarian:
  Islamabad Medical and Dental College
  Email:: library@imdcollege.edu.pk